[Event "Asia zt 3.1 Online"]
[Site "Tornelo INT"]
[Date "2021.06.05"]
[Round "5"]
[White "Mansour, Sameer"]
[Black "Ghaem Maghami, Ehsan"]
[Result "0-1"]
[WhiteElo "2308"]
[BlackElo "2547"]
[PlyCount "62"]
[EventDate "2021.06.01"]
[EventType "swiss"]
[EventRounds "9"]
[EventCountry "NET"]
[SourceTitle "CBM 202 Extra"]
[Source "ChessBase"]
[SourceDate "2021.07.31"]
[SourceVersion "1"]
[SourceVersionDate "2021.07.31"]
[SourceQuality "1"]

1. c4 Nf6 2. Nc3 e6 3. e4 d5 4. e5 Ne4 5. Nf3 c5 6. cxd5 Nxc3 7. bxc3 exd5 8. Bb5+ Nc6 9. 0-0 Be7 10. d4 0-0 11. Be3 c4 12. Ba4 Bf5 13. Bc2 Bxc2 14. Qxc2 b5 15. Rab1 Rb8 16. h4 Qd7 17. Ng5 Bxg5 18. hxg5 b4 19. f4 bxc3 20. Rxb8 Rxb8 21. f5 Nb4 22. Qxc3 Nd3 23. Qa3 g6 24. e6 fxe6 25. f6 Kf7 26. Bf4 Nxf4 27. Rxf4 Qc7 28. Rf1 c3 29. Rc1 c2 30. Rxc2 Rb1+ 31. Kf2 Qxc2+ 0-1

[Event "Asia zt 3.1"]
[Site "Amman"]
[Date "2019.06.26"]
[Round "9"]
[White "Mansour, Sameer"]
[Black "Al Zoubi, Issa"]
[Result "1-0"]
[WhiteElo "2240"]
[BlackElo "1921"]
[PlyCount "151"]
[EventDate "2019.06.19"]
[EventType "swiss"]
[EventRounds "9"]
[EventCountry "JOR"]
[SourceTitle "CBM 191 Extra"]
[Source "ChessBase"]
[SourceDate "2019.09.30"]
[SourceVersion "1"]
[SourceVersionDate "2019.09.30"]
[SourceQuality "1"]

1. Nf3 Nf6 2. g3 g6 3. Bg2 Bg7 4. c4 c5 5. Nc3 Nc6 6. d4 cxd4 7. Nxd4 0-0 8. 0-0 a6 9. Nc2 d6 10. b3 Rb8 11. Bb2 Nh5 12. Qd2 Be6 13. Ne3 Re8 14. Rfd1 Qc8 15. Rac1 Nf6 16. Ncd5 Qd8 17. Nxf6+ Bxf6 18. Bxf6 exf6 19. Qxd6 Qa5 20. Qd2 Qa3 21. Qc3 Qxa2 22. Qxf6 Qxb3 23. h4 Qa3 24. c5 Rbd8 25. Bxc6 Rxd1+ 26. Rxd1 bxc6 27. Rd8 Rxd8 28. Qxd8+ Kg7 29. Qd4+ Kg8 30. g4 h6 31. f4 Qa2 32. Kf2 Qb1 33. h5 a5 34. hxg6 fxg6 35. Qe5 Bf7 36. f5 a4 37. Qe7 Qb4 38. Kf3 Qd4 39. fxg6 Bxg6 40. Qe6+ Bf7 41. Qxc6 h5 42. g5 Qe5 43. Qxa4 Qxg5 44. Qa8+ Kg7 45. Qa1+ Kh7 46. Qb1+ Bg6 47. Qb7+ Kh6 48. Qc7 Qg1 49. Qf4+ Kh7 50. Qg3 Qh1+ 51. Qg2 Qc1 52. Qg5 Qc3 53. Qe7+ Kh6 54. Qd6 Qa3 55. Kf2 Qb4 56. Nf5+ Kg5 57. Nd4 Kh6 58. Qf4+ Kh7 59. c6 Qc5 60. c7 Be8 61. Kg3 Kg8 62. Nf3 Bd7 63. Qe5 Qc6 64. Kh4 Bg4 65. Kg5 Kf7 66. Nd4 Qg6+ 67. Kf4 Bc8 68. Nb5 Qg4+ 69. Ke3 Qg1+ 70. Kd2 Qg4 71. Nd6+ Kg6 72. Qe8+ Kf6 73. Qf8+ Ke5 74. Nf7+ Ke4 75. Qb4+ Kd5 76. Qd6+ 1-0

[Event "Asia zt 3.1"]
[Site "Amman"]
[Date "2019.06.23"]
[Round "6"]
[White "Nezad, Husein Aziz"]
[Black "Mansour, Sameer"]
[Result "1/2-1/2"]
[WhiteElo "2411"]
[BlackElo "2240"]
[PlyCount "93"]
[EventDate "2019.06.19"]
[EventType "swiss"]
[EventRounds "9"]
[EventCountry "JOR"]
[SourceTitle "CBM 191 Extra"]
[Source "ChessBase"]
[SourceDate "2019.09.30"]
[SourceVersion "1"]
[SourceVersionDate "2019.09.30"]
[SourceQuality "1"]

1. d4 Nf6 2. c4 g6 3. Nc3 Bg7 4. e4 d6 5. Be2 0-0 6. Nf3 e5 7. 0-0 Nc6 8. d5 Nd4 9. Nxd4 exd4 10. Qxd4 Nd7 11. Qd1 Nc5 12. Be3 Bxc3 13. bxc3 Nxe4 14. Qd4 f5 15. f3 Nc5 16. Rfe1 Bd7 17. Bf1 Qf6 18. Qd2 Rfe8 19. g3 b6 20. Bd4 Qf8 21. Qg5 Nb7 22. Bd3 Rxe1+ 23. Rxe1 Re8 24. Rxe8 Bxe8 25. h4 h6 26. Qe3 Nc5 27. Bc2 Bd7 28. Kf2 Bc8 29. Kg2 Bd7 30. g4 fxg4 31. fxg4 Bxg4 32. Bxg6 Bf5 33. Bh5 Be4+ 34. Kh2 Qe7 35. Qg3+ Kh7 36. Bg4 Nd3 37. Be6 Qf8 38. Bf6 Bg6 39. Bd4 Ne5 40. Bxe5 dxe5 41. Qxe5 Qd6 42. Qxd6 cxd6 43. Kg3 Bd3 44. Kf4 Kg7 45. a3 Kf6 46. Bg4 Bxc4 47. Ke4 1/2-1/2

[Event "Olympiad-43"]
[Site "Batumi"]
[Date "2018.09.28"]
[Round "5.38"]
[White "Meskovs, Nikita"]
[Black "Mansour, Sameer"]
[Result "1-0"]
[WhiteElo "2535"]
[BlackElo "2232"]
[PlyCount "79"]
[EventDate "2018.09.24"]
[EventType "team-swiss"]
[EventRounds "11"]
[EventCountry "GEO"]
[SourceTitle "CBM 187"]
[Source "ChessBase"]
[SourceDate "2018.12.11"]
[SourceVersion "1"]
[SourceVersionDate "2018.12.11"]
[SourceQuality "1"]
[WhiteTeam "Latvia"]
[BlackTeam "Jordan"]
[WhiteTeamCountry "LAT"]
[BlackTeamCountry "JOR"]

1. Nf3 g6 2. g3 Bg7 3. Bg2 c5 4. d4 cxd4 5. Nxd4 Nc6 6. Nb3 Nf6 7. Nc3 0-0 8. 0-0 d6 9. e4 a5 10. a4 Nb4 11. Nb5 Bg4 12. f3 Qb6+ 13. Qd4 Qxd4+ 14. N3xd4 Bd7 15. c3 Nd3 16. Rd1 Nxc1 17. Raxc1 Rfc8 18. Bf1 Bc6 19. Ra1 d5 20. e5 Nd7 21. e6 Nc5 22. exf7+ Kxf7 23. Bh3 Bd7 24. Bxd7 Nxd7 25. Ne2 Nb6 26. f4 Rc5 27. b3 Rd8 28. Rd3 e6 29. Re1 Nc8 30. Ned4 Bxd4+ 31. Nxd4 Rd6 32. Rde3 Rdc6 33. Nxe6 Rxe6 34. Rxe6 Rxc3 35. Re8 Rc7 36. Rd8 Ne7 37. Rd6 h5 38. Kf2 Nc6 39. Rxd5 Nb4 40. Rd2 1-0

[Event "Abu Dhabi op 25th"]
[Site "Abu Dhabi"]
[Date "2018.08.15"]
[Round "9"]
[White "Ajay, Karthikeyan"]
[Black "Mansour, Sameer"]
[Result "1-0"]
[WhiteElo "2156"]
[BlackElo "2275"]
[PlyCount "61"]
[EventDate "2018.08.07"]
[EventType "swiss"]
[EventRounds "9"]
[EventCountry "UAE"]
[SourceTitle "CBM 185 Extra"]
[Source "ChessBase"]
[SourceDate "2018.07.29"]
[SourceVersion "1"]
[SourceVersionDate "2018.07.29"]
[SourceQuality "1"]

1. d4 Nf6 2. Bf4 d6 3. Nf3 g6 4. Nc3 Bg7 5. e4 0-0 6. Qd2 c6 7. 0-0-0 b5 8. Bd3 Bg4 9. Ne2 Nbd7 10. Bh6 Nb6 11. e5 Nfd5 12. h4 Bxf3 13. gxf3 dxe5 14. h5 Bf6 15. dxe5 Bxe5 16. Rdg1 Nc4 17. Bxc4 bxc4 18. c3 Qa5 19. f4 Bf6 20. Bxf8 Kxf8 21. hxg6 hxg6 22. a3 e6 23. Nd4 Ne7 24. f5 Nxf5 25. Nxe6+ Ke7 26. Rh7 Rh8 27. Re1 Rxh7 28. Ng5+ Kf8 29. Nxh7+ Kg7 30. Nxf6 Kxf6 31. Re8 1-0

[Event "Abu Dhabi op 25th"]
[Site "Abu Dhabi"]
[Date "2018.08.08"]
[Round "2"]
[White "Mansour, Sameer"]
[Black "Srihari, LR."]
[Result "0-1"]
[WhiteElo "2275"]
[BlackElo "2135"]
[PlyCount "122"]
[EventDate "2018.08.07"]
[EventType "swiss"]
[EventRounds "9"]
[EventCountry "UAE"]
[SourceTitle "CBM 185 Extra"]
[Source "ChessBase"]
[SourceDate "2018.07.29"]
[SourceVersion "1"]
[SourceVersionDate "2018.07.29"]
[SourceQuality "1"]

1. e4 c6 2. d4 d5 3. e5 Bf5 4. Nc3 e6 5. g4 Bg6 6. Nge2 f6 7. Nf4 fxe5 8. Nxg6 hxg6 9. dxe5 Nd7 10. Bf4 Bc5 11. Bd3 Ne7 12. Qe2 Qc7 13. Bg3 Bd4 14. f4 0-0-0 15. Nd1 g5 16. c3 gxf4 17. cxd4 fxg3 18. Nc3 Rdf8 19. 0-0-0 Qb6 20. Bc2 a6 21. Qd2 Rxh2 22. Rxh2 gxh2 23. Qxh2 c5 24. Na4 Qc7 25. Qh4 Nc6 26. dxc5 Qxe5 27. Kb1 Nd4 28. Qe7 Rh8 29. Nb6+ Nxb6 30. cxb6 Nxc2 31. Qc5+ Kd8 32. Qxc2 Rh2 33. Qb3 Qe4+ 34. Ka1 Qc2 35. Rf1 Rf2 36. Rh1 Qxb3 37. axb3 Rf6 38. Rc1 e5 39. Rc7 Rxb6 40. Rxg7 Rxb3 41. Kb1 Kc8 42. Kc2 Rg3 43. g5 e4 44. g6 d4 45. Re7 Rg2+ 46. Kd1 Rg1+ 47. Kd2 Rg2+ 48. Kd1 Rxg6 49. Rxe4 Rd6 50. Kd2 Kc7 51. Kd3 Kc6 52. Re5 Rd5 53. Re7 b6 54. Re1 Kb5 55. Rc1 a5 56. b3 Kb4 57. Rb1 Rd6 58. Rb2 Ka3 59. Rb1 Ka2 60. Rh1 Kxb3 61. Rb1+ Ka3 0-1

[Event "Arab Clubs-chT"]
[Site "Sharjah"]
[Date "2018.02.11"]
[Round "7.3"]
[White "Mansour, Sameer"]
[Black "Adly, Ahmed"]
[Result "0-1"]
[WhiteElo "2269"]
[BlackElo "2634"]
[PlyCount "70"]
[EventDate "2018.02.06"]
[EventType "team-tourn"]
[EventRounds "9"]
[EventCountry "UAE"]
[SourceTitle "CBM 182 Extra"]
[Source "ChessBase"]
[SourceDate "2018.02.23"]
[SourceVersion "1"]
[SourceVersionDate "2018.02.23"]
[SourceQuality "1"]
[WhiteTeam "Amman"]
[BlackTeam "Sharjah"]
[WhiteTeamCountry "JOR"]
[BlackTeamCountry "UAE"]

1. Nf3 d5 2. c4 d4 3. e3 Nc6 4. exd4 Nxd4 5. Nxd4 Qxd4 6. Nc3 c6 7. d3 Nh6 8. Be3 Qd8 9. d4 Nf5 10. Qd2 g6 11. Be2 Bg7 12. 0-0-0 Qa5 13. g4 Nxe3 14. Qxe3 h5 15. gxh5 Bh6 16. f4 g5 17. Qe5 Qxe5 18. fxe5 Bf5 19. Bd3 Bh3 20. Kc2 Rd8 21. Be2 g4 22. Bf1 Bxf1 23. Rhxf1 Be3 24. Ne2 Rxh5 25. Rd3 Rh3 26. Kc3 a5 27. Ng3 c5 28. dxc5 Rxd3+ 29. Kxd3 Bxc5 30. Ke4 Rxh2 31. Kd5 Bf2 32. Ne4 g3 33. Rd1 e6+ 34. Kd6 Rh4 35. Nxf2 Rxc4 0-1

[Event "Arab Clubs-chT"]
[Site "Marrakesh"]
[Date "2016.12.06"]
[Round "5"]
[White "Alsharhan, Musaed"]
[Black "Mansour, Sameer"]
[Result "0-1"]
[WhiteElo "1722"]
[BlackElo "2305"]
[PlyCount "68"]
[EventDate "2016.12.02"]
[EventType "team-tourn"]
[EventRounds "7"]
[EventCountry "MAR"]
[SourceTitle "CBM 176 Extra"]
[Source "ChessBase"]
[SourceDate "2017.03.02"]
[SourceVersion "1"]
[SourceVersionDate "2017.03.02"]
[SourceQuality "1"]
[WhiteTeam "Kuwait Mind Sports"]
[BlackTeam "Jordan Arena"]
[WhiteTeamCountry "KUW"]
[BlackTeamCountry "JOR"]

1. d4 g6 2. Nf3 Bg7 3. Bg5 h6 4. Bh4 c5 5. c3 cxd4 6. Nxd4 Nc6 7. Nxc6 bxc6 8. e4 Rb8 9. Qc2 Qb6 10. b3 d5 11. Nd2 Nf6 12. Bd3 0-0 13. 0-0 e5 14. Bg3 Nh5 15. Rfe1 Nxg3 16. hxg3 f5 17. exd5 cxd5 18. Rad1 e4 19. Bf1 Qc5 20. Nb1 Be6 21. Qd2 Rbc8 22. Rc1 a5 23. Qe3 Qe7 24. Qb6 h5 25. Red1 Rcd8 26. Rc2 Rd6 27. Qxa5 h4 28. gxh4 Qxh4 29. g3 Qg5 30. Qc5 Be5 31. c4 f4 32. Nd2 fxg3 33. fxg3 Qxg3+ 34. Bg2 Qh2# 0-1

[Event "Arab Clubs-chT"]
[Site "Marrakesh"]
[Date "2016.12.03"]
[Round "2"]
[White "Mansour, Sameer"]
[Black "Arab, Adlane"]
[Result "1/2-1/2"]
[WhiteElo "2305"]
[BlackElo "2485"]
[PlyCount "60"]
[EventDate "2016.12.02"]
[EventType "team-tourn"]
[EventRounds "7"]
[EventCountry "MAR"]
[SourceTitle "CBM 176 Extra"]
[Source "ChessBase"]
[SourceDate "2017.03.02"]
[SourceVersion "1"]
[SourceVersionDate "2017.03.02"]
[SourceQuality "1"]
[WhiteTeam "Jordan Arena"]
[BlackTeam "Surete National"]
[WhiteTeamCountry "JOR"]
[BlackTeamCountry "ALG"]

1. Nf3 d5 2. c4 e6 3. g3 Nf6 4. Bg2 Be7 5. 0-0 0-0 6. b3 c5 7. Bb2 Nc6 8. cxd5 exd5 9. d4 Ne4 10. dxc5 Bxc5 11. Nc3 Nxc3 12. Bxc3 d4 13. Bb2 Re8 14. Rc1 Bb6 15. Rc4 Bg4 16. Rc2 Qd7 17. a3 Rad8 18. Rd2 a5 19. Qc2 Bf5 20. Qc4 Ne5 21. Nxe5 Rxe5 22. Bxd4 Bxd4 23. e3 Be6 24. Qxd4 Qxd4 25. Rxd4 Rxd4 26. exd4 Rb5 27. d5 Bf5 28. Re1 Kf8 29. Re3 Bc2 30. d6 Bf5 1/2-1/2

[Event "Olympiad-42"]
[Site "Baku"]
[Date "2016.09.12"]
[Round "10.1"]
[White "Mansour, Sameer"]
[Black "Wiedenkeller, Michael"]
[Result "0-1"]
[WhiteElo "2245"]
[BlackElo "2458"]
[PlyCount "90"]
[EventDate "2016.09.02"]
[EventType "team-swiss"]
[EventRounds "11"]
[EventCountry "AZE"]
[SourceTitle "CBM 175"]
[Source "ChessBase"]
[SourceDate "2016.11.10"]
[SourceVersion "1"]
[SourceVersionDate "2016.11.10"]
[SourceQuality "1"]
[WhiteTeam "Jordan"]
[BlackTeam "Luxembourg"]
[WhiteTeamCountry "JOR"]
[BlackTeamCountry "LUX"]

1. Nf3 Nf6 2. g3 d5 3. c4 e6 4. Bg2 dxc4 5. Qc2 Nbd7 6. Na3 Bxa3 7. bxa3 Rb8 8. Qxc4 b5 9. Qc3 Bb7 10. Bb2 0-0 11. 0-0 c5 12. d3 a5 13. Rfc1 Rc8 14. Qd2 h6 15. Bc3 b4 16. Bb2 Nb6 17. axb4 axb4 18. a3 b3 19. Qc3 Bd5 20. a4 c4 21. Qb4 Bxf3 22. Bxf3 Nfd5 23. Qd2 c3 24. Bxc3 Nxc3 25. Rxc3 Qd4 26. Rac1 b2 27. Rxc8 Rxc8 28. Rb1 Nxa4 29. Kg2 Qc3 30. Qf4 Qb3 31. d4 Nc3 32. Be4 Nxb1 33. Bxb1 Qd5+ 34. f3 Rd8 35. e3 Qa5 36. Qe4 g6 37. Qc2 Rb8 38. h4 h5 39. g4 Kg7 40. g5 Kg8 41. e4 Qb4 42. d5 exd5 43. exd5 Qxh4 44. Qd2 Qb4 45. Qc2 Qf4 0-1

[Event "Olympiad-42"]
[Site "Baku"]
[Date "2016.09.05"]
[Round "4.2"]
[White "Alhadad, Mahmoud"]
[Black "Mansour, Sameer"]
[Result "0-1"]
[WhiteElo "1999"]
[BlackElo "2245"]
[PlyCount "68"]
[EventDate "2016.09.02"]
[EventType "team-swiss"]
[EventRounds "11"]
[EventCountry "AZE"]
[SourceTitle "CBM 175"]
[Source "ChessBase"]
[SourceDate "2016.11.10"]
[SourceVersion "1"]
[SourceVersionDate "2016.11.10"]
[SourceQuality "1"]
[WhiteTeam "Palestine"]
[BlackTeam "Jordan"]
[WhiteTeamCountry "PLE"]
[BlackTeamCountry "JOR"]

1. e4 c5 2. Nf3 Nc6 3. d4 cxd4 4. Nxd4 g6 5. Nc3 Bg7 6. Be3 Nf6 7. Qd2 0-0 8. f3 d5 9. Nxc6 bxc6 10. e5 Nd7 11. f4 e6 12. h4 c5 13. Nxd5 exd5 14. Qxd5 Nb6 15. Qf3 h5 16. Bxc5 Bg4 17. Qb3 Re8 18. Bd3 Bxe5 19. 0-0 Bd4+ 20. Bxd4 Qxd4+ 21. Kh2 Re3 22. Qb5 Rae8 23. Qg5 Qd5 24. Qh6 Re2 25. Bxe2 Rxe2 26. Rg1 Qf3 27. Kh1 Qg3 28. Qg5 Nd5 29. Rad1 Nxf4 30. Qf6 Re8 31. Rdf1 Re4 32. Qg5 Ne6 33. Qf6 Bf5 34. Rf3 Rxh4+ 0-1

[Event "Arab Clubs-chT"]
[Site "Agadir"]
[Date "2015.10.15"]
[Round "4.4"]
[White "Mansour, Sameer"]
[Black "Al Hamlan, Faisal"]
[Result "1-0"]
[WhiteElo "2272"]
[BlackElo "1952"]
[PlyCount "31"]
[EventDate "2015.10.13"]
[EventType "team-swiss"]
[EventRounds "9"]
[EventCountry "MAR"]
[SourceTitle "CBM 170 Extra"]
[Source "ChessBase"]
[SourceDate "2016.02.25"]
[SourceVersion "1"]
[SourceVersionDate "2016.02.25"]
[SourceQuality "1"]
[WhiteTeam "Amanat Amman"]
[BlackTeam "Kuwait Club"]
[WhiteTeamCountry "JOR"]
[BlackTeamCountry "KUW"]

1. Nf3 Nf6 2. g3 d5 3. Bg2 b6 4. c4 e6 5. Ne5 c6 6. 0-0 Bd6 7. d4 0-0 8. Nc3 Bb7 9. Bg5 h6 10. Bxf6 Qxf6 11. f4 Qe7 12. cxd5 exd5 13. e4 dxe4 14. Nxe4 Nd7 15. Qb3 Rac8 16. Ng6 1-0

[Event "Arab Clubs-chT"]
[Site "Agadir"]
[Date "2015.10.14"]
[Round "3.4"]
[White "Ismael Namir, Mohammed Ismael"]
[Black "Mansour, Sameer"]
[Result "1/2-1/2"]
[WhiteElo "2256"]
[BlackElo "2272"]
[PlyCount "55"]
[EventDate "2015.10.13"]
[EventType "team-swiss"]
[EventRounds "9"]
[EventCountry "MAR"]
[SourceTitle "CBM 170 Extra"]
[Source "ChessBase"]
[SourceDate "2016.02.25"]
[SourceVersion "1"]
[SourceVersionDate "2016.02.25"]
[SourceQuality "1"]
[WhiteTeam "Etisalat"]
[BlackTeam "Amanat Amman"]
[WhiteTeamCountry "IRQ"]
[BlackTeamCountry "JOR"]

1. d4 d6 2. Nf3 g6 3. g3 Bg7 4. Bg2 Nf6 5. 0-0 0-0 6. c4 c6 7. b3 Qa5 8. Bb2 Qh5 9. Nbd2 Bh3 10. Qc2 Nbd7 11. Rfe1 Ng4 12. e4 e5 13. dxe5 dxe5 14. Ba3 Rfe8 15. Rad1 Nf8 16. c5 Ne6 17. Bb2 Bf8 18. b4 a5 19. a3 axb4 20. axb4 b6 21. cxb6 Bxb4 22. b7 Rab8 23. Qxc6 Bc5 24. Rf1 Bd4 25. Ba3 Ng5 26. Bd6 Bxg2 27. Kxg2 Qh3+ 28. Kh1 1/2-1/2